<?xml version="1.0" encoding="UTF-8"?>
<collection xmlns="http://www.loc.gov/MARC21/slim">
 <record>
  <leader>02634cam a2200541 c 4500</leader>
  <controlfield tag="001">1622378539</controlfield>
  <controlfield tag="003">DE-627</controlfield>
  <controlfield tag="005">20250605080306.0</controlfield>
  <controlfield tag="007">tu</controlfield>
  <controlfield tag="008">091005s2010    xx |||||      00| ||ger c</controlfield>
  <datafield tag="020" ind1=" " ind2=" ">
   <subfield code="a">9783110184853</subfield>
   <subfield code="9">978-3-11-018485-3</subfield>
  </datafield>
  <datafield tag="024" ind1="3" ind2=" ">
   <subfield code="a">9783110184853</subfield>
  </datafield>
  <datafield tag="035" ind1=" " ind2=" ">
   <subfield code="a">(DE-627)1622378539</subfield>
  </datafield>
  <datafield tag="035" ind1=" " ind2=" ">
   <subfield code="a">(DE-576)311418082</subfield>
  </datafield>
  <datafield tag="035" ind1=" " ind2=" ">
   <subfield code="a">(DE-599)BSZ311418082</subfield>
  </datafield>
  <datafield tag="035" ind1=" " ind2=" ">
   <subfield code="a">(OCoLC)657636675</subfield>
  </datafield>
  <datafield tag="040" ind1=" " ind2=" ">
   <subfield code="a">DE-627</subfield>
   <subfield code="b">ger</subfield>
   <subfield code="c">DE-627</subfield>
   <subfield code="e">rakwb</subfield>
  </datafield>
  <datafield tag="041" ind1=" " ind2=" ">
   <subfield code="a">ger</subfield>
  </datafield>
  <datafield tag="072" ind1=" " ind2="7">
   <subfield code="a">LIT000000</subfield>
   <subfield code="2">bisacsh</subfield>
  </datafield>
  <datafield tag="072" ind1=" " ind2="7">
   <subfield code="a">LIT004170</subfield>
   <subfield code="2">bisacsh</subfield>
  </datafield>
  <datafield tag="082" ind1="0" ind2=" ">
   <subfield code="a">831.22</subfield>
   <subfield code="q">SEPA</subfield>
   <subfield code="2">22/ger</subfield>
  </datafield>
  <datafield tag="084" ind1=" " ind2=" ">
   <subfield code="a">GF 5617</subfield>
   <subfield code="2">rvk</subfield>
   <subfield code="0">(DE-625)rvk/39737:11810</subfield>
  </datafield>
  <datafield tag="084" ind1=" " ind2=" ">
   <subfield code="a">18.10</subfield>
   <subfield code="2">bkl</subfield>
  </datafield>
  <datafield tag="245" ind1="0" ind2="0">
   <subfield code="a">Ulrich von Liechtenstein</subfield>
   <subfield code="b">Leben, Zeit, Werk, Forschung</subfield>
   <subfield code="c">hrsg. von Sandra Linden ...</subfield>
  </datafield>
  <datafield tag="264" ind1=" " ind2="1">
   <subfield code="a">Berlin [u.a.]</subfield>
   <subfield code="b">de Gruyter</subfield>
   <subfield code="c">2010</subfield>
  </datafield>
  <datafield tag="300" ind1=" " ind2=" ">
   <subfield code="a">X, 589 S.</subfield>
   <subfield code="b">Ill.</subfield>
  </datafield>
  <datafield tag="336" ind1=" " ind2=" ">
   <subfield code="a">Text</subfield>
   <subfield code="b">txt</subfield>
   <subfield code="2">rdacontent</subfield>
  </datafield>
  <datafield tag="337" ind1=" " ind2=" ">
   <subfield code="a">ohne Hilfsmittel zu benutzen</subfield>
   <subfield code="b">n</subfield>
   <subfield code="2">rdamedia</subfield>
  </datafield>
  <datafield tag="338" ind1=" " ind2=" ">
   <subfield code="a">Band</subfield>
   <subfield code="b">nc</subfield>
   <subfield code="2">rdacarrier</subfield>
  </datafield>
  <datafield tag="490" ind1="0" ind2=" ">
   <subfield code="a">DeGruyter Lexikon</subfield>
  </datafield>
  <datafield tag="689" ind1="0" ind2="0">
   <subfield code="d">p</subfield>
   <subfield code="0">(DE-588)118625306</subfield>
   <subfield code="0">(DE-627)079413684</subfield>
   <subfield code="0">(DE-576)33999536X</subfield>
   <subfield code="a">Ulrich</subfield>
   <subfield code="c">von Lichtenstein</subfield>
   <subfield code="d">1210-1275</subfield>
   <subfield code="2">gnd</subfield>
  </datafield>
  <datafield tag="689" ind1="0" ind2=" ">
   <subfield code="5">DE-101</subfield>
  </datafield>
  <datafield tag="689" ind1="1" ind2="0">
   <subfield code="d">p</subfield>
   <subfield code="0">(DE-588)118625306</subfield>
   <subfield code="0">(DE-627)079413684</subfield>
   <subfield code="0">(DE-576)33999536X</subfield>
   <subfield code="a">Ulrich</subfield>
   <subfield code="c">von Lichtenstein</subfield>
   <subfield code="d">1210-1275</subfield>
   <subfield code="2">gnd</subfield>
  </datafield>
  <datafield tag="689" ind1="1" ind2=" ">
   <subfield code="5">DE-101</subfield>
  </datafield>
  <datafield tag="689" ind1="2" ind2="0">
   <subfield code="d">u</subfield>
   <subfield code="0">(DE-588)4135049-2</subfield>
   <subfield code="0">(DE-627)104589094</subfield>
   <subfield code="0">(DE-576)209657456</subfield>
   <subfield code="a">Manessische Handschrift</subfield>
   <subfield code="2">gnd</subfield>
  </datafield>
  <datafield tag="689" ind1="2" ind2=" ">
   <subfield code="5">(DE-627)</subfield>
  </datafield>
  <datafield tag="700" ind1="1" ind2=" ">
   <subfield code="a">Linden, Sandra</subfield>
   <subfield code="d">1973-</subfield>
   <subfield code="e">Hrsg.</subfield>
   <subfield code="0">(DE-588)128889519</subfield>
   <subfield code="0">(DE-627)508765862</subfield>
   <subfield code="0">(DE-576)187416966</subfield>
   <subfield code="4">edt</subfield>
  </datafield>
  <datafield tag="776" ind1="1" ind2=" ">
   <subfield code="z">9783110241099</subfield>
  </datafield>
  <datafield tag="776" ind1="0" ind2="8">
   <subfield code="i">Online-Ausg.</subfield>
   <subfield code="t">Ulrich von Liechtenstein</subfield>
   <subfield code="d">Berlin [u.a.] : de Gruyter, 2010</subfield>
   <subfield code="h">Online-Ressource (X, 589 S.)</subfield>
   <subfield code="w">(DE-627)1652195645</subfield>
   <subfield code="w">(DE-576)38017801X</subfield>
   <subfield code="z">9783110241099</subfield>
  </datafield>
  <datafield tag="776" ind1="0" ind2="8">
   <subfield code="i">Erscheint auch als</subfield>
   <subfield code="n">Online-Ausgabe</subfield>
   <subfield code="t">Ulrich von Liechtenstein</subfield>
   <subfield code="d">Berlin [u.a.] : de Gruyter, 2010</subfield>
   <subfield code="h">Online-Ressource (PDF-Datei: X, 589 S.)</subfield>
   <subfield code="w">(DE-627)1655649655</subfield>
   <subfield code="w">(DE-576)405026927</subfield>
   <subfield code="z">9783110241099</subfield>
  </datafield>
  <datafield tag="856" ind1="4" ind2="2">
   <subfield code="u">http://deposit.dnb.de/cgi-bin/dokserv?id=3490494&amp;prov=M&amp;dok_var=1&amp;dok_ext=htm</subfield>
   <subfield code="m">X:MVB</subfield>
   <subfield code="q">text/html</subfield>
   <subfield code="3">Inhaltstext</subfield>
  </datafield>
  <datafield tag="936" ind1="r" ind2="v">
   <subfield code="a">GF 5617</subfield>
   <subfield code="b">Sekundärliteratur</subfield>
   <subfield code="k">Germanistik. Niederlandistik. Skandinavistik</subfield>
   <subfield code="k">Deutsche Literatur</subfield>
   <subfield code="k">Mittelhochdeutsche Klassik</subfield>
   <subfield code="k">Literaturgeschichte und Textsammlungen</subfield>
   <subfield code="k">Einzelne Autoren und Werke</subfield>
   <subfield code="k">Autoren und Denkmäler U</subfield>
   <subfield code="k">Ulrich von Lichtenstein</subfield>
   <subfield code="k">Sekundärliteratur</subfield>
   <subfield code="0">(DE-627)1272060039</subfield>
   <subfield code="0">(DE-625)rvk/39737:11810</subfield>
   <subfield code="0">(DE-576)202060039</subfield>
  </datafield>
  <datafield tag="936" ind1="b" ind2="k">
   <subfield code="a">18.10</subfield>
   <subfield code="j">Deutsche Literatur</subfield>
   <subfield code="q">SEPA</subfield>
   <subfield code="0">(DE-627)106405047</subfield>
  </datafield>
  <datafield tag="951" ind1=" " ind2=" ">
   <subfield code="a">BO</subfield>
  </datafield>
  <datafield tag="990" ind1=" " ind2=" ">
   <subfield code="a">Ulrich &lt;von Lichtenstein&gt; </subfield>
  </datafield>
  <datafield tag="990" ind1=" " ind2=" ">
   <subfield code="a">Ulrich &lt;von Lichtenstein&gt; </subfield>
  </datafield>
  <datafield tag="990" ind1=" " ind2=" ">
   <subfield code="a">Manessische Handschrift</subfield>
  </datafield>
  <datafield tag="999" ind1=" " ind2=" ">
   <subfield code="a">KXP-PPN1622378539</subfield>
   <subfield code="e">3245321708</subfield>
  </datafield>
 </record>
</collection>
